00000000nam##2200000za#4500
0019.697705
003CaOODSP
00520210624235611
007cr |||||||||||
008150407|2010||||xxc|||||o    f|0| 0 eng|d
040 |aCaOODSP|beng
043 |an-cn---
0861 |aE77-2/7-2010E-PDF
1101 |aCanada.|bForeign Affairs and International Trade. |bPassport Office.
24510|aWhat Passport Canada heard from Canadians : |h[electronic resource]|bpublic consultations findings report
260 |aOttawa - Ontario : |bForeign Affairs and International Trade. |c2010.
300 |a47p.|bglossary, graphs, photographs
590 |a13-11-Supp|b2013-04-26
69007|aBusiness plans|2gcpds
77508|tPassport Canada à l'écoute des Canadiens : |w(CaOODSP)9.641733
85640|ahttp://publications.gc.ca|qPDF|s810 KB|uhttps://publications.gc.ca/collections/collection_2013/aecic-faitc/E77-2-7-2010-eng.pdf